000 00540nmm a2200169Ia 4500
008 251105s9999||||xx |||||||||||||||||und||
020 _a9788480213707
041 _aspa
100 _aHeredia Álvaro, José Antonio
245 0 _aSistema de indicadores para la mejora y el control integrado de la calidad de los procesos
264 _a[Madrid, España] :
_bUniversitat Jaume I,
_c2000
300 _a216 páginas
490 _aAthenea
650 _aEngineering
856 _uhttps://public.digitaliapublishing.com/a/14734
942 _cCF
999 _c85645
_d85645